00333nam a2200133 a 450008200180000010000160001824500290003426000420006330000090010550000350011450500100014965000240015970000160018300a297.0954bDEW aDewick, E C aReligious Quest of India aOxfordbOxford University Pressc1930 a290p aincludes index and biblioraphy2 aIndex aIslam-History-India1 aDewick, E C